| 000 | 01787nam a2200409 c 4500 | ||
|---|---|---|---|
| 003 | BLK | ||
| 005 | 20210810105002.0 | ||
| 008 | 180408b bul|||||r ||||||| ||bul|| | ||
| 010 | _aKNG00054060000 | ||
| 020 |
_a954-320-025-4 _bиздат.: Рива |
||
| 040 | _aBLK | ||
| 041 |
_aBUL _cBUL |
||
| 080 |
_aШпионаж. Политическо влияние чрез тайни (разузнавателни) служби _b327.84 _x(430)(091)(092) _z327.84(430)(091)(092) |
||
| 080 |
_aИстория на Втората световна война (1939-1945) _b940.53 _x _z940.53 |
||
| 080 |
_a _b929 Колбе, Фриц _x _z929 Колбе, Фриц |
||
| 100 | 1 |
_aДьолатр, Люка _eпърви автор _966069 |
|
| 700 | 1 |
_aПетров, Красимир _eпрев. от фр. _9363927 |
|
| 139 |
_aДьолатр, Люка _bК 78 |
||
| 245 | 1 | 0 |
_aФриц Колбе _bЕдин шпионин в сърцето на Третия райх _cЛюка Дьолатр; прев. от фр. Красимир Петров. |
| 257 | _aFRA | ||
| 260 |
_аСофия _bРива _c2005 _fСофия : Унискорп |
||
| 300 |
_a336 с. _c21 см |
||
| 380 | _a9 | ||
| 500 | _aОриг. загл. Fritz Kolhe, Un espion au coeur du IIIe Reich / Lucas Delattre | ||
| 600 | 1 | 4 |
_aКолбе, Фриц _9283044 |
| 650 | 4 |
_aШпионаж и диверсия _9242689 |
|
| 650 | 4 |
_aРазузнаване - Втора световна война _9272760 |
|
| 653 | _aшпионаж | ||
| 653 | _aшпиони | ||
| 653 | _aВтора световна война | ||
| 653 | _aТрети райх | ||
| 852 | _aЦб 223880 | ||
| 856 | 4 |
_qpdf _u |
|
| 856 | 4 |
_qpdf _u |
|
| 942 |
_cKNG _n0 _04 |
||
| 944 |
_aCR _c30.05.2005 _lф / _kГеновева_Генчева |
||
| 944 |
_aED _c15.03.2016 _lф / _kЛюдмила_Стоянова |
||
| 999 |
_c50189 _d50189 |
||